LEADER 01155nam a2200289 a 4500 001 000000123009 003 CaOOAMICUS 005 20100916143810.0 008 100916t2010 it 000 u ita r 020 $a978-88-311-3329-6 040 $aPUL$bita$dReb 082 04$a262 100 1 $aParadiso, Marcello,$d1953-$0(OLS)http://pul/name/70457 245 10$aFenomenologia della sequela /$cMarcello Paradiso. 260 $aRoma :$bCittà Nuova,$c©2010. 300 $a201 p; c20cm. 490 1 $aContributi di teologia ;$v61 504 $aBibliografia p. [187]-196. 650 4$aFenomenologia e religione.$0(OLS)http://pul/subject/9579 830 0$aContributi di teologia ;$v61.$0(OLS)http://pul/title/23834 850 $aPUL 852 $aPUL$W1$xSL Religione 3$y85$m262 PARMA 1$j141285$qDDC 21$B140349$CPULBib$Z2$F140349 $H114573 $82 941 1 $a9 996 $6020$a978-88-311-3329-6$9(OLS)http://pul/number/145372 996 $6082$a262$9(OLS)http://pul/classification/438 996 $6245$aFenomenologia della sequela$9(OLS)http://pul/title/155036 996 $6260$aRoma :$bCittà Nuova$9(OLS)http://pul/publisher/47927 LEADER 01316nam a2200301 u 4500 001 000000091363 003 CaOOAMICUS 005 20070226124825.0 008 060320s1990 fr u000 u fre u 020 $a2718904585 035 $a11081848 040 $aPUL(R)$bita 100 1 $aAuneau, J.$0(OLS)http://pul/name/25522 245 14$aLes Psaumes et les autres écrits /$csous la responsabilité de Joseph Auneau ; avec la collaboration de L. Monloubou ... [et al.]. 260 $aParis :$bDesclée,$c1990. 300 $a476 p. ;$c21 cm 490 1 $aPetite bibliothèque des sciences biblique.$aAncien Testament ;$v5 500 $aInclude indice. 504 $aBibliografia in nota. 630 04$aBiblia.$pV.T.$pPsalmi.$0(OLS)http://pul/subject/1292 700 1 $aMonloubou, Louis.$0(OLS)http://pul/name/4471 830 0$aPetite bibliothèque des sciences biblique.$pAncien Testament ;$v5.$0(OLS)http://pul/title/117942 850 $aPUL 852 $aPUL$W1$xDP1 Fondo Gelio$y54$m4 A 37$j115098$nBK-PRI$b $qFondi$B115098$CPULBib$Z2$F115098 $HPUL0197 $81 941 1 $a1 996 $6020$a2718904585$9(OLS)http://pul/number/119797 996 $6245$aLes Psaumes et les autres écrits$9(OLS)http://pul/title/117941 996 $6260$aParis :$bDesclée$9(OLS)http://pul/publisher/54080